| 000 | 02670nam a2200409 a 4500 | ||
|---|---|---|---|
| 001 | 00177 | ||
| 003 | DO-SdBNP | ||
| 005 | 20160513113633.0 | ||
| 007 | 00177 | ||
| 008 | 091118s2001 dr 2001 000 0 spa d | ||
| 020 | _a9788482613659 (v. 4) | ||
| 040 |
_aBPMSU _bspa _cBPMSU |
||
| 092 |
_a373.83 _bS678c 4to. 2001 |
||
| 245 | 0 | 0 |
_aSociedad 4 ; educación média : _bla República Dominicana hoy / _cQuisqueya Lora, ... [et al.]; dirección editorial Obdulia García de Escobar ; editora Margarita Castro Catrain |
| 260 |
_aSanto Domingo : _bSantillana, _c2001. |
||
| 300 |
_a239 p. : _bil., mapas., retrs. ; _c28 cm. |
||
| 490 | 1 | _aUmbral | |
| 500 | _aSociedad 4. Cuarto de bachillerato . 2do. curso / Segundo ciclo | ||
| 505 |
_tUnidad 1. _tLas luchas por la democratización -- _tUnidad 2. _tEl gobierno de Juan Bosch -- _tUnidad 3. _tGolpe de Estado al régimen de Juan Bosch -- _tUnidad 4. _tLa lucha política y la Guerra de Abril -- _tUnidad 5. _tLos doce años de Joaquin Balaquer -- _tUnidad 6. _tLos gobiernos desde el 1978 al 2004 -- _tUnidadd 7. _tLa división territorial dominicana -- _tUnidad 8. _tLa población dominicana -- _tUnidad 9. _tActividades primarias y recursos naturales -- _tUnidad 10. _tLa industria y los transportes -- _tUnidad 11. _tComercio externo, finanzas y turismo -- _tUnidad 12. _tReformas y globalización -- _tUnidad 13. _tDesarrollo económico y social. |
||
| 505 |
_gv. 1 : _tHistoria y geografía universal -- _tLa historia y el origen de la humanidad -- _tLas primeras civilizaciones -- _tDel feudalismo al capitalismo -- _tEl mundo contemporáneo -- _tDescubre tu planeta... la tierra -- _tGeografía humana: población y espacio humanizado -- |
||
| 505 |
_gv. 1 : _tHistoria y geografía universal -- _tLa historia y el origen de la humanidad -- _tLas primeras civilizaciones -- _tDel feudalismo al capitalismo -- _tEl mundo contemporáneo -- _tDescubre tu planeta... la tierra -- _tGeografía humana: población y espacio humanizado -- |
||
| 650 | 4 |
_aCIENCIAS SOCIALES _xENSEÑANZA SECUNDARIA |
|
| 650 | 4 |
_aCIENCIAS SOCIALES _xLIBROS DE TEXTOS |
|
| 650 | 4 |
_aCIENCIAS SOCIALES _xESTUDIOS Y EJERCICIOS |
|
| 650 | 4 |
_aEDUCACIÓN SECUNDARIA _zREPÚBLICA DOMINICANA |
|
| 650 | 4 |
_aCIENCIAS SOCIALES _xEDUCACIÓN SECUNDARIA |
|
| 700 | 1 | _aAybar, Ignacio | |
| 700 | 1 | 2 |
_aGarcía Escobar, Obdulia, _eed. |
| 700 | 1 | 2 |
_aCastro Catrain, Margarita, _eed. |
| 830 | 0 | _aUmbral | |
| 910 | _aValidado. Control de calidad MFF | ||
| 930 | 1 |
_lBND01 _mLF1 _820091118 _f01 _pCT _g7859 |
|
| 942 |
_2ddc _cBK |
||
| 956 |
_aYLOCKWARD _b10 _c20150611 _lBND01 _h1044 |
||
| 956 |
_aVMATEO _b10 _c20150611 _lBMET02 _h00151 |
||
| 956 |
_aBTAVÁREZ _b10 _c20160411 _lBPMSU _h00177 |
||
| 999 |
_c9674 _d9674 |
||